000 00566nam a2200193Ia 4500
005 20250508162110.0
008 008 250505s9999 xx 000 0 eng d
037 _aTheses
040 _aFEDL
_beng
_cFEDL
041 _aeng
_2eng
084 _a370, SRI/TH
_qFEDL
100 _aSrivastava Ramesh Chandra
245 0 _aInvestigation into the faculty participations offering professional courses of study
260 _c1980
300 _a426p.
546 _aPH.D.Thesis (Delhi University)
942 _cTH
_h370, SRI/TH
999 _c1374373
_d1374373